| 000 | 02092nam0a2200409 4500 | ||
|---|---|---|---|
| 001 | RU\NLR\bibl\153974 | ||
| 005 | 20260405192411.0 | ||
| 010 |
_a5-7692-0371-4 _9300 |
||
| 021 |
_aRU _b2001-6045 _9292 |
||
| 035 | _a(NLR Aleph) 000150968 | ||
| 090 |
_a866400 _c866400 |
||
| 100 | _a20010417d2000 |||y0rusy50 ca | ||
| 101 | 0 | _arus | |
| 102 | _aRU | ||
| 105 | _aa ||||||||| | ||
| 200 | 1 |
_aВычислительные методы в разработке месторождений нефти и газа _fВ. И. Васильев, В. В. Попов, Т. С. Тимофеева _gОтв. ред. А. Н. Коновалов _gАкад. наук Респ. Саха (Якутия), Якут. гос.ун-т |
|
| 210 |
_aНовосибирск _cИзд-во СО РАН _d2000 |
||
| 215 |
_a126 с. _cил. _d20 |
||
| 320 | _aБиблиогр.: с. 117-126 | ||
| 606 | 1 |
_aНефть _xДобыча _xПроектирование _xМатематические методы _91722148 _3RU\NLR\auth\66768606 |
|
| 610 | 0 | _aФильтрация, теория - Математические методы | |
| 610 | 0 | _aНефтяная гидравлика - Математические методы | |
| 610 | 0 | _aГазовая динамика - Математические методы | |
| 675 |
_a622.276:519.6 _v3 _zrus |
||
| 686 |
_a52.13 _2rugasnti |
||
| 686 |
_a33.36 _2rubbk |
||
| 686 | _aИ361-64с11 | ||
| 700 | 1 |
_4070 _7ca _8rus _aВасильев _bВ. И. _cд-р физ.-мат. наук _f1949- _gВасилий Иванович _938527 _3RU\NLR\AUTH\7755595 |
|
| 701 | 1 |
_4070 _7ca _8rus _aПопов _bВ. В. _cканд. физ.-мат. наук, мат. моделирование _gВасилий Васильевич _967221 _3RU\NLR\AUTH\7784293 |
|
| 701 | 1 |
_4070 _7ca _8rus _aТимофеева _bТ. С. _cканд. физ.-мат. наук _gТатьяна Семеновна _967226 _3RU\NLR\auth\7784298 |
|
| 801 | 0 |
_aRU _bRKP _c20010417 _gPSBO |
|
| 801 | 1 |
_aRU _bRKP _c20010417 |
|
| 801 | 2 |
_aRU _bNLR _c20100921 _grcr |
|
| 942 | _cBOOK | ||
| 980 | _aNB | ||